000
00266nam a22001217a 4500
008
180315b xxu||||| |||| 00| 0 eng d
041
_a
eng
080
_a
78
100
_a
45
101
_a
MUZ
245
_a
MUSIC FOR SIGHT SINGING
_c
OTTMAN.R.W
942
_2
udc
_c
BK
999
_c
45092
_d
45092